[Event "ch-CUB"]
[Site "Las Tunas CUB"]
[Date "2009.01.22"]
[Round "3"]
[White "Corrales Jimenez,F"]
[Black "Bacallao,Y"]
[Result "0-1"]
[WhiteElo "2586"]
[BlackElo "2438"]

1.d4 Nf6 2.c4 g6 3.Nc3 d5 4.cxd5 Nxd5 5.e4 Nxc3 6.bxc3 Bg7 7.Bc4 c5 8.Ne2 Nc6
9.Be3 O-O 10.O-O Bg4 11.f3 Na5 12.Bxf7+ Rxf7 13.fxg4 Rxf1+ 14.Kxf1 cxd4 15.cxd4 Qd7
16.Qd3 b5 17.h3 Nc4 18.Kg1 Nxe3 19.Qxe3 Rc8 20.Kh1 Qe6 21.Ng1 Rc2 22.Nf3 Qc4
23.e5 Rxa2 24.Rxa2 Qxa2 25.Qe4 b4 26.Kh2 Bh6 27.h4 Qc4 28.Qa8+ Kf7 29.e6+ Qxe6
30.Ne5+ Kg7 31.g5 Bxg5 32.hxg5 Qf5 33.Nf3 Qf4+ 34.Kh3 Qc7 35.Qd5 a5 36.Ne5 Qc8+
37.Ng4 Qf5 38.Qxf5 gxf5 39.Ne3 a4 40.Nc4 a3 41.Na5 a2 42.Nb3 Kf7 43.d5 e5
44.Kg3 Ke7 45.Kf3 Kd6 46.Ke3 Kxd5 47.Kd3 e4+ 48.Kc2 e3 49.Kd3 e2 50.Kxe2 Ke4  0-1

[Event "ch-PriFO"]
[Site "Kazan RUS"]
[Date "2009.01.25"]
[Round "5"]
[White "Sharafiev,A"]
[Black "Yandemirov,V"]
[Result "1/2-1/2"]
[WhiteElo "2421"]
[BlackElo "2474"]

1.d4 Nf6 2.c4 g6 3.Nc3 d5 4.cxd5 Nxd5 5.e4 Nxc3 6.bxc3 Bg7 7.Bc4 O-O 8.Ne2 c5
9.O-O Nc6 10.Be3 Na5 11.Bd3 b6 12.Rc1 e5 13.dxc5 Be6 14.c4 bxc5 15.Bxc5 Bh6
16.Rc3 Re8 17.Qc2 Rc8 18.Ba3 Nc6 19.c5 Nd4 20.Qa4 Bd2 21.Nxd4 Bxc3 22.Nxe6 Qxd3
23.Nc7 Red8 24.Nd5 Rxd5 25.exd5 Qxd5 26.Rc1 Bd4 27.Qa6  1/2-1/2

[Event "ch-CUB"]
[Site "Las Tunas CUB"]
[Date "2009.01.26"]
[Round "7"]
[White "Almeida Quintana,O"]
[Black "Bacallao,Y"]
[Result "0-1"]
[WhiteElo "2521"]
[BlackElo "2438"]

1.d4 Nf6 2.c4 g6 3.Nc3 d5 4.cxd5 Nxd5 5.e4 Nxc3 6.bxc3 Bg7 7.Bc4 c5 8.Ne2 Nc6
9.Be3 cxd4 10.cxd4 Qa5+ 11.Bd2 Qd8 12.Bc3 O-O 13.O-O Bg4 14.f3 Bd7 15.Qd2 Rc8
16.Rab1 Qc7 17.Rfc1 Ne5 18.Bb3 Nc4 19.Bxc4 Qxc4 20.Bb4 Qa6 21.Bxe7 Rfe8 22.Bg5 Bb5
23.Nc3 Bd3 24.Rb4 Qd6 25.Nd5 Rxc1+ 26.Qxc1 b5 27.Bf4 Qf8 28.Qc7 Bc4 29.Rxc4 bxc4
30.Qxc4 h6 31.h4 Kh7 32.h5 g5 33.Bc7 f5 34.e5 Qg8 35.Qc6 Qf7 36.Ba5 Re6 37.Qc2 Bxe5
38.dxe5 Rxe5 39.Qc8 Qxd5 40.Qc7+ Kg8 41.Qb8+ Kf7 42.Qxa7+ Re7 43.Qb6 Qe6
44.Qxe6+ Rxe6 45.Bb4 Re2 46.a3 g4 47.fxg4 fxg4 48.Bd6 Ke6 49.Bf4 Kf5 50.g3 Re6
51.Kf2 Ke4 52.a4 Ra6 53.Bd2 Rxa4 54.Bxh6 Ra5 55.Bf4 Rxh5 56.Bb8 Rh2+ 57.Kg1 Ra2
58.Bc7 Kf3 59.Kh1 Rg2  0-1

[Event "7th Gibtelecom Masters"]
[Site "Caleta ENG"]
[Date "2009.01.28"]
[Round "2"]
[White "Berczes,D"]
[Black "Svidler,P"]
[Result "0-1"]
[WhiteElo "2513"]
[BlackElo "2723"]

1.d4 Nf6 2.c4 g6 3.Nc3 d5 4.cxd5 Nxd5 5.e4 Nxc3 6.bxc3 Bg7 7.Bc4 c5 8.Ne2 Nc6
9.Be3 O-O 10.O-O Bd7 11.Rb1 Qc7 12.Bf4 Qc8 13.Rc1 a6 14.Qd2 b5 15.Bd5 e6
16.Bb3 e5 17.Bh6 c4 18.Bxg7 Kxg7 19.Bc2 Qc7 20.f4 exd4 21.cxd4 Bg4 22.d5 Bxe2
23.Qxe2 Nd4 24.Qf2 Nxc2 25.Rxc2 Rac8 26.Qd4+ f6 27.Re2 Qc5 28.Rd1 c3 29.Rc2 Rfd8
30.Kf2 b4 31.Ke3 a5 32.Qxc5 Rxc5 33.Kd4 Rdc8 34.d6 Rc4+ 35.Kd3 R4c6 36.Ke3 Kf7
37.Rd5 Ke6 38.Rxa5 Rxd6 39.f5+ Kd7 40.Ra7+ Kc6 41.Ra6+ Kc5 42.Rxd6 Kxd6 43.Kd4 g5
44.g4 h6 45.h3 Rc5 46.Rc1 Rc7 47.Rc2 Rc8 48.Rc1 Rc5 49.Rc2 Kc6 50.Rc1 Kb5
51.Rb1 Rc8 52.e5 fxe5+ 53.Kxe5 Ra8 54.f6 Rxa2 55.Rf1 Ra8 56.f7 c2 57.Ke4 Rf8
58.Kd3 Rxf7  0-1

[Event "ch-PriFO"]
[Site "Kazan RUS"]
[Date "2009.01.29"]
[Round "9"]
[White "Frolyanov,D"]
[Black "Yandemirov,V"]
[Result "1/2-1/2"]
[WhiteElo "2564"]
[BlackElo "2474"]

1.d4 Nf6 2.c4 g6 3.Nc3 d5 4.cxd5 Nxd5 5.e4 Nxc3 6.bxc3 Bg7 7.Bc4 O-O 8.Ne2 c5
9.O-O Nc6 10.Be3 Na5 11.Bd3 b6 12.Qd2 e5 13.dxc5  1/2-1/2

[Event "7th Gibtelecom Masters"]
[Site "Caleta ENG"]
[Date "2009.01.30"]
[Round "4"]
[White "Berczes,D"]
[Black "Bok,B"]
[Result "1-0"]
[WhiteElo "2513"]
[BlackElo "2277"]

1.d4 Nf6 2.c4 g6 3.Nc3 d5 4.cxd5 Nxd5 5.e4 Nxc3 6.bxc3 Bg7 7.Bg5 c5 8.Rc1 Qa5
9.Qd2 O-O 10.Nf3 Bg4 11.d5 Bxf3 12.gxf3 e6 13.dxe6 fxe6 14.Bc4 Rxf3 15.Bxe6+ Kh8
16.Bc8 Rf7 17.Be6 Rf3 18.Bc8 Rf7 19.Qd5 Qc7 20.Be6 Rf8 21.h4 h5 22.O-O Nc6
23.f4 Rae8 24.e5 c4 25.Rb1 a6 26.Qd7 Bxe5 27.fxe5 Qxe5 28.Bf6+  1-0

[Event "7th Gibtelecom Masters"]
[Site "Caleta ENG"]
[Date "2009.01.31"]
[Round "5"]
[White "Golod,V"]
[Black "Avrukh,B"]
[Result "1/2-1/2"]
[WhiteElo "2575"]
[BlackElo "2645"]

1.d4 Nf6 2.c4 g6 3.Nc3 d5 4.cxd5 Nxd5 5.e4 Nxc3 6.bxc3 Bg7 7.Ba3 Nd7 8.Bc4 c5
9.Qb3 O-O 10.Nf3 Rb8 11.O-O b5 12.Be2 b4 13.cxb4 cxd4 14.Rad1 Nc5 15.Qc2 Ne6
16.Bc4 Bd7 17.Qd2 Qb6 18.Rfe1 Rfd8 19.Bb3 Qa6 20.Bb2 Ba4 21.Bxa4 Qxa4 22.a3 a5
23.bxa5 Rb3 24.e5 d3 25.Bc3 Rc8 26.Rc1 Nf4 27.Nd4 Bh6 28.Nxb3 Ne2+ 29.Rxe2 Bxd2
30.Rxd2 Qxb3 31.Rxd3 Qxa3 32.Rc2 Qa4 33.Rc1 Qxa5 34.h3 Qa3 35.Rc2 Qa4 36.Rc1 h6
37.Re1 Qc2 38.Ree3 Rb8 39.Rf3 Qc1+ 40.Kh2 g5 41.Rde3 Qc2 42.Rd3 Qc1 43.Rde3 Kg7
44.Re1 Qc2 45.Ba1 Rd8 46.Bc3 Kg6 47.Kg1 Rb8 48.Rfe3 h5 49.R1e2 Qd1+ 50.Re1 Qd5
51.R3e2 Rb3 52.Re3 Ra3 53.Bb4 Ra7 54.Ba3 Qd4 55.Re4 Qb6 56.R4e3 Kf5 57.Rd1 Ke6
58.Rde1 Ra4 59.Bc1 Ra1 60.R3e2 Qb4 61.Kf1 g4 62.hxg4 Qxg4 63.Bb2 Ra4 64.Re3 Ra2
65.R1e2 Qc4 66.Rc3 Qb5 67.Rc2 Ra4 68.Kg1 Qb7 69.Rc3 Rg4 70.Rg3 Qb5 71.Rge3 Qd5
72.f3 Rc4 73.Bc3 Qb5 74.Be1 Rc1 75.Re4 Qb1 76.Kh2 Rd1 77.Kh3 Qc1  1/2-1/2

[Event "FINEC GM"]
[Site "St Petersburg RUS"]
[Date "2009.02.01"]
[Round "6"]
[White "Goganov,A"]
[Black "Matlakov,M"]
[Result "1/2-1/2"]
[WhiteElo "2385"]
[BlackElo "2487"]

1.d4 Nf6 2.c4 g6 3.Nc3 d5 4.cxd5 Nxd5 5.e4 Nxc3 6.bxc3 Bg7 7.Bc4 c5 8.Ne2 Nc6
9.Be3 O-O 10.O-O Na5 11.Bd3 b6 12.Rc1 cxd4 13.cxd4 e6 14.Qa4 Bd7 15.Qa3 Re8
16.Rfd1 Bf8 17.Qb2 Ba4  1/2-1/2

[Event "7th Gibtelecom Masters"]
[Site "Caleta ENG"]
[Date "2009.02.03"]
[Round "8"]
[White "Capo Vidal,U"]
[Black "Suez Panama,G"]
[Result "1-0"]
[WhiteElo "2336"]
[BlackElo "2033"]

1.d4 Nf6 2.c4 g6 3.Nc3 d5 4.cxd5 Nxd5 5.e4 Nxc3 6.bxc3 Bg7 7.Ba3 O-O 8.Nf3 b6
9.Bc4 Bb7 10.O-O c5 11.Qe2 Qc7 12.Rad1 Nc6 13.Bb2 Na5 14.Bd3 c4 15.Bc2 e6
16.e5 Bxf3 17.Qxf3 Rfd8 18.Bc1 Qe7 19.Rde1 Rac8 20.Re4 Nc6 21.h4 Rf8 22.Qh3 b5
23.Bg5 Qa3 24.h5 b4 25.hxg6 hxg6 26.Re3 bxc3 27.Bxg6 Rfe8 28.Qh7+ Kf8 29.Bf6  1-0

[Event "7th Gibtelecom Masters"]
[Site "Caleta ENG"]
[Date "2009.02.04"]
[Round "9"]
[White "Del Rio de Angelis,S"]
[Black "Roiz,M"]
[Result "1/2-1/2"]
[WhiteElo "2532"]
[BlackElo "2647"]

1.d4 Nf6 2.c4 g6 3.Nc3 d5 4.cxd5 Nxd5 5.e4 Nxc3 6.bxc3 Bg7 7.Bc4 O-O 8.Ne2 Qd7
9.O-O b6 10.Be3 Bb7 11.Ng3 Nc6 12.Bb5 a6 13.Be2 e6 14.Qd2 Rad8 15.Rad1 Na5
16.Rb1 Qc6 17.Rb4 f5 18.Bf3 Qd6 19.Bg5 c5 20.Rbb1 Rd7 21.e5 Qc7 22.Bxb7 Qxb7
23.Ne2 Nc4 24.Qd3 b5 25.a4 cxd4 26.cxd4 Nxe5 27.Qe3 Nf7 28.Qxe6 Qd5 29.Qxd5 Rxd5
30.Be3 bxa4 31.Ra1 g5 32.g3 Rc8 33.Rxa4 Rc2 34.Re1 a5 35.Kf1 Bf8  1/2-1/2

[Event "TCh-HUN 2008-9"]
[Site "Nagykanizsa HUN"]
[Date "2009.02.08"]
[Round "7"]
[White "Pinter,J"]
[Black "Palkovi,J"]
[Result "1-0"]
[WhiteElo "2536"]
[BlackElo "2431"]

1.d4 Nf6 2.c4 g6 3.Nc3 d5 4.cxd5 Nxd5 5.e4 Nxc3 6.bxc3 Bg7 7.Bc4 c5 8.Ne2 O-O
9.O-O Nc6 10.Be3 Bd7 11.Rb1 Qc7 12.Bf4 Qc8 13.Rc1 Na5 14.Bd3 b6 15.Qd2 Qb7
16.Bh6 Rac8 17.h4 cxd4 18.cxd4 Rxc1 19.Rxc1 Rc8 20.Bxg7 Kxg7 21.h5 Rxc1+
22.Qxc1 Qc6 23.Qf4 Qd6 24.e5 Qe6 25.h6+ Kf8 26.Nc3 Qg4 27.Qe3 Bf5 28.Be2 Qh4
29.g3 Qh3 30.Nd5 Bc8 31.Qa3 Qd7 32.Nf6 Qxd4 33.Nxh7+ Kg8 34.Ng5 Qxe5 35.h7+ Kf8
36.Qf3 Qa1+ 37.Bf1  1-0

[Event "80th ch-GER"]
[Site "Saarbruecken GER"]
[Date "2009.02.08"]
[Round "3"]
[White "Beikert,G"]
[Black "Baramidze,D"]
[Result "1/2-1/2"]
[WhiteElo "2470"]
[BlackElo "2548"]

1.d4 Nf6 2.c4 g6 3.Nc3 d5 4.cxd5 Nxd5 5.e4 Nxc3 6.bxc3 Bg7 7.Bc4 c5 8.Ne2 O-O
9.O-O Nc6 10.Be3 cxd4 11.cxd4 Na5 12.Bd3 b6 13.Qd2 Bb7 14.Bh6 Bxh6 15.Qxh6 Rc8
16.Rac1 Qd6 17.Rxc8 Rxc8 18.Rc1 Qa3 19.Rxc8+ Bxc8 20.Qd2 Nc6 21.h4 h5 22.Bc4 Na5
23.Bd3 Nc6 24.Bc4 Na5 25.Bd3 Nc6  1/2-1/2

[Event "ch-CZE"]
[Site "Decin CZE"]
[Date "2009.02.12"]
[Round "3"]
[White "Stocek,J"]
[Black "Mirumian,V"]
[Result "1/2-1/2"]
[WhiteElo "2586"]
[BlackElo "2508"]

1.d4 Nf6 2.c4 g6 3.Nc3 d5 4.cxd5 Nxd5 5.e4 Nxc3 6.bxc3 Bg7 7.Bb5+ c6 8.Ba4 O-O
9.Ne2 Nd7 10.Bg5 Qa5 11.Bxe7 Re8 12.Bb4 Qg5 13.Ng3 b5 14.Bc2 c5 15.Ba5 Nb6
16.Bxb6 axb6 17.O-O b4 18.f4 Qg4 19.Qxg4 Bxg4 20.h3 Bd7 21.e5 bxc3 22.dxc5 bxc5
23.Ne4 Bf5 24.a4 Bxe4 25.Bxe4 Ra5 26.Bc6 Rd8 27.h4 h6 28.Rad1 Rd4 29.Bb5 g5
30.g3 gxf4 31.gxf4 c2 32.Rxd4 cxd4 33.Kf2 h5 34.Ke2 Bh6 35.Kd2 d3 36.Kxd3 Bxf4
37.Kxc2 Bxe5 38.Rf5 f6 39.Rxh5 Kg7 40.Kb3 Kg6 41.Be8+ Kg7 42.Rf5 Ra8 43.Bb5 Kg6
44.Bd3 Kh6 45.h5 Rd8 46.Bb5 Rd4 47.Rf1 Rf4 48.Rh1 Bc7 49.Be8 Ba5 50.Bg6 Rb4+
51.Ka3 Rg4 52.Rf1 Rg3+ 53.Ka2 Kg7 54.Rd1 Kh6 55.Rd5 Rg5 56.Rd7 Rc5 57.Rh7+ Kg5
58.Be8 Rc2+ 59.Kb3 Rc3+ 60.Kb2 Rc7 61.Rh8 Rc8 62.Kb3 f5 63.Rg8+ Kh6 64.Rf8 f4  1/2-1/2

[Event "ch-CZE"]
[Site "Decin CZE"]
[Date "2009.02.12"]
[Round "3"]
[White "Stocek,J"]
[Black "Mirumian,V"]
[Result "1/2-1/2"]
[WhiteElo "2586"]
[BlackElo "2508"]

1.d4 Nf6 2.c4 g6 3.Nc3 d5 4.cxd5 Nxd5 5.e4 Nxc3 6.bxc3 Bg7 7.Bb5+ c6 8.Ba4 O-O
9.Ne2 Nd7 10.Bg5 Qa5 11.Bxe7 Re8 12.Bb4 Qg5 13.Ng3 b5 14.Bc2 c5 15.Ba5 Nb6
16.Bxb6 axb6 17.O-O b4 18.f4 Qg4 19.Qxg4 Bxg4 20.h3 Bd7 21.e5 bxc3 22.dxc5 bxc5
23.Ne4 Bf5 24.a4 Bxe4 25.Bxe4 Ra5 26.Bc6 Rd8 27.h4 h6 28.Rad1 Rd4 29.Bb5 g5
30.g3 gxf4 31.gxf4 c2 32.Rxd4 cxd4 33.Kf2 h5 34.Ke2 Bh6 35.Kd2 d3 36.Kxd3 Bxf4
37.Kxc2 Bxe5 38.Rf5 f6 39.Rxh5 Kg7 40.Kb3 Kg6 41.Be8+ Kg7 42.Rf5 Ra8 43.Bb5 Kg6
44.Bd3 Kh6 45.h5 Rd8 46.Bb5 Rd4 47.Rf1 Rf4 48.Rh1 Bc7 49.Be8 Ba5 50.Bg6 Rb4+
51.Ka3 Rg4 52.Rf1 Rg3+ 53.Ka2 Kg7 54.Rd1 Kh6 55.Rd5 Rg5 56.Rd7 Rc5 57.Rh7+ Kg5
58.Be8 Rc2+ 59.Kb3 Rc3+ 60.Kb2 Rc7 61.Rh8 Rc8 62.Kb3 f5 63.Rg8+ Kh6 64.Rf8 f4
65.Rf6+ Kg5 66.Rf5+ Kxf5 67.Bd7+ Kg5 68.Bxc8  1/2-1/2

[Event "80th ch-GER"]
[Site "Saarbruecken GER"]
[Date "2009.02.12"]
[Round "7"]
[White "Jorczik,J"]
[Black "Strache,M"]
[Result "1-0"]
[WhiteElo "2381"]
[BlackElo "2218"]

1.d4 Nf6 2.c4 g6 3.Nc3 d5 4.cxd5 Nxd5 5.e4 Nxc3 6.bxc3 Bg7 7.Qa4+ Qd7 8.Qb3 O-O
9.Be3 c5 10.Rd1 cxd4 11.cxd4 Nc6 12.Nf3 Qd6 13.a3 Bg4 14.e5 Qd7 15.Be2 Na5
16.Qb4 b6 17.O-O Rac8 18.d5 Bxf3 19.e6 fxe6 20.Bxf3 exd5 21.Rxd5 Qe6 22.Rfd1 Nc6
23.Qg4 Qxg4 24.Bxg4 Rc7 25.Rc1 Bb2 26.Rc2 Bxa3 27.Rd3 Bc5 28.Bxc5 Nd8 29.Rcd2 Rxc5
30.Rxd8 Rc1+ 31.Rd1 Rxd1+ 32.Rxd1 a5 33.Bd7 Rb8 34.Rb1 Kf7 35.Kf1 Kf6 36.Ke2 Ke5
37.Ke3 Kd6 38.Ba4 Kc5 39.Rb5+ Kc4 40.f4  1-0

[Event "Winter Open"]
[Site "Stillwater USA"]
[Date "2009.02.16"]
[Round "6"]
[White "Holt,C"]
[Black "Movsisyan,M"]
[Result "1-0"]
[WhiteElo "2254"]
[BlackElo "2229"]

1.d4 Nf6 2.c4 g6 3.Nc3 d5 4.cxd5 Nxd5 5.e4 Nxc3 6.bxc3 Bg7 7.Bg5 h6 8.Be3 c5
9.Qd2 Qa5 10.Rc1 cxd4 11.cxd4 Qxd2+ 12.Kxd2 O-O 13.Nf3 Nc6 14.d5 Rd8 15.Ke1 Na5
16.Bd2 b6 17.Bb4 Bd7 18.Ba6 f5 19.e5 Bc8 20.Bxc8 Raxc8 21.Rxc8 Rxc8 22.Ke2 Rc4
23.Bxe7 Re4+ 24.Kd3 Bxe5 25.Rc1 Kf7 26.Bg5 Bd6 27.Bxh6 Ra4 28.Re1 Ra3+ 29.Kc2 Be7
30.Ne5+ Kg8 31.Nc4 Nxc4 32.Rxe7 b5 33.Kb1 a5 34.Rd7 b4 35.Rc7 Nb6 36.d6 Rd3
37.Bf4 a4 38.Kc2 Rd5 39.Rb7 Nc4 40.d7 b3+ 41.axb3 axb3+ 42.Kc3 b2 43.Kxc4 Rxd7
44.Rxb2  1-0

[Event "2nd Pfalz Open"]
[Site "Neustadt an der Weinstrasse GER"]
[Date "2009.02.18"]
[Round "5"]
[White "Kunin,V"]
[Black "Lupulescu,C"]
[Result "1/2-1/2"]
[WhiteElo "2546"]
[BlackElo "2608"]

1.d4 Nf6 2.c4 g6 3.Nc3 d5 4.cxd5 Nxd5 5.e4 Nxc3 6.bxc3 Bg7 7.Nf3 c5 8.Be3 Qa5
9.Qd2 Nc6 10.Rc1 cxd4 11.cxd4 Qxd2+ 12.Kxd2 O-O 13.d5 Rd8 14.Ke1 Na5 15.Bg5 Bd7
16.Bd3 Rdc8 17.Ke2 e6 18.d6 Rxc1 19.Rxc1 Nc6 20.Rb1 Rb8 21.Bb5 Kf8 22.e5 Ke8
23.Bf6 Bxf6 24.exf6 Rd8 25.Ke3 a6 26.Bxc6 Bxc6 27.Ne5 Rxd6 28.Rb6 h5 29.f4 Rd5
30.Rb2 g5 31.g3 Ra5 32.Rc2 Ra3+ 33.Kf2 gxf4 34.gxf4 h4 35.Nxc6 bxc6 36.Rxc6 Rxa2+
37.Kf3 Rxh2  1/2-1/2

[Event "Masters"]
[Site "Bunratty IRL"]
[Date "2009.02.20"]
[Round "1"]
[White "Benson,O"]
[Black "Kilpatrick,C"]
[Result "1-0"]
[WhiteElo "1957"]
[BlackElo "2211"]

1.d4 Nf6 2.c4 g6 3.Nc3 d5 4.cxd5 Nxd5 5.e4 Nxc3 6.bxc3 Bg7 7.Be3 c5 8.Bc4 Nc6
9.Ne2 O-O 10.O-O Na5 11.Bd3 b6 12.dxc5 bxc5 13.Bxc5 Qc7 14.Bd4 e5 15.Be3 Be6
16.Qc1 Rfd8 17.Rd1 Rd6 18.Bg5 f6 19.Be3 Rad8 20.Bc2 Rxd1+ 21.Bxd1 Bf8 22.f4 Bc5
23.f5 Nc4 24.Bxc5 Qxc5+ 25.Kh1 gxf5 26.exf5 Bd5 27.Bb3 Qf2 28.Qf1 Qxf1+ 29.Rxf1 Ne3
30.Rf3 Bxb3 31.axb3 Rd1+ 32.Ng1 Rd3 33.Ne2 e4 34.Rf4 Nd1 35.Kg1 e3 36.Rd4 Rd2
37.Kf1 Nf2 38.Nf4 Ng4 39.Rxd2 exd2 40.Ke2 Ne3 41.Kxd2 Nxf5 42.c4 Kf7 43.Kd3 Ke7
44.b4 Kd6 45.Ke4 Ne7 46.g4 Nc6 47.Nd5 Ke6 48.c5 Nd8 49.h3 Nc6 50.b5 Ne5 51.c6 Nc4
52.Kd4 Nd6 53.Kc5 Ne4+ 54.Kc4  1-0

[Event "Aeroflot Open"]
[Site "Moscow RUS"]
[Date "2009.02.20"]
[Round "4"]
[White "Li Shilong"]
[Black "Ipatov,A UKR"]
[Result "1-0"]
[WhiteElo "2559"]
[BlackElo "2494"]

1.d4 Nf6 2.c4 g6 3.Nc3 d5 4.cxd5 Nxd5 5.e4 Nxc3 6.bxc3 Bg7 7.Be3 c5 8.Qd2 cxd4
9.cxd4 Nc6 10.Rd1 Bg4 11.Be2 Bxe2 12.Nxe2 O-O 13.O-O Qd7 14.Bh6 Bxh6 15.Qxh6 Rac8
16.f4 Qe6 17.Ng3 Nxd4 18.Rxd4 Qb6 19.Rd1 Rc1 20.Rxc1 Qxd4+ 21.Kh1 Qe3 22.Rf1 Rc8
23.Qg5 Rc1 24.Qxe7 Rxf1+ 25.Nxf1 Qf2 26.Qd8+ Kg7 27.Qd3 Qxa2 28.Qd4+ Kg8
29.Nd2 a5 30.f5 a4 31.Qd8+ Kg7 32.f6+ Kh6 33.h4 Qa1+ 34.Kh2 Qe5+ 35.Kh3 Qf4
36.Nf3 a3 37.Qh8  1-0

[Event "81st ch-StP"]
[Site "St Petersburg RUS"]
[Date "2009.02.20"]
[Round "4"]
[White "Rozum,I"]
[Black "Matlakov,M"]
[Result "1/2-1/2"]
[WhiteElo "2451"]
[BlackElo "2487"]

1.d4 Nf6 2.c4 g6 3.Nc3 d5 4.cxd5 Nxd5 5.e4 Nxc3 6.bxc3 Bg7 7.Bc4 c5 8.Ne2 Nc6
9.Be3 O-O 10.O-O Bd7 11.Rb1 Qc7 12.Bf4 Qc8 13.d5 Na5 14.Bd3 e5 15.Be3 f5
16.f3 f4 17.Bf2 c4 18.Bc2 b6 19.Ba4 Rf7 20.Bb5 Bxb5 21.Rxb5 Nb7 22.a4 g5
23.Nc1 Bf6 24.Na2 g4  1/2-1/2

[Event "Masters"]
[Site "Bunratty IRL"]
[Date "2009.02.21"]
[Round "3"]
[White "Moran,S"]
[Black "Wolferink,F"]
[Result "0-1"]
[WhiteElo "1971"]
[BlackElo "2130"]

1.d4 g6 2.c4 Nf6 3.Nc3 d5 4.cxd5 Nxd5 5.e4 Nxc3 6.bxc3 Bg7 7.Bc4 c5 8.Ne2 O-O
9.O-O Nc6 10.Be3 Qc7 11.Qc1 Rd8 12.Rd1 b6 13.f3 Bb7 14.Qa3 e6 15.Ba6 Na5
16.Bxb7 Qxb7 17.dxc5 Nc4 18.Rxd8+ Rxd8 19.Qc1 Nxe3 20.Qxe3 bxc5 21.Qc1 Qa6
22.Kf2 Qc4 23.a4 Rd3 24.Rb1 Bxc3 25.Nxc3 Rxc3 26.Rb8+ Kg7 27.Qf4 Qd4+ 28.Kg3 Rc2
29.Kh3 e5 30.Qg4 Qd2 31.Rb7 h5 32.Qg3 Qd6 33.Qg5 Qe6+ 34.Kg3 Qf6 35.Qxf6+ Kxf6
36.Rxa7 g5 37.Rc7 h4+ 38.Kh3 Kg6 39.Rc6+ f6 40.a5 c4  0-1

[Event "Masters"]
[Site "Bunratty IRL"]
[Date "2009.02.22"]
[Round "5"]
[White "Wells,P"]
[Black "Pein,M"]
[Result "1-0"]
[WhiteElo "2513"]
[BlackElo "2391"]

1.d4 Nf6 2.c4 g6 3.Nc3 d5 4.cxd5 Nxd5 5.e4 Nxc3 6.bxc3 Bg7 7.Bc4 O-O 8.Ne2 Nc6
9.O-O b6 10.Bg5 Bb7 11.Qd2 Qd6 12.Bh6 Na5 13.Bd3 c5 14.Bxg7 Kxg7 15.d5 c4
16.Bc2 e5 17.f4 f6 18.Rf3 Bc8 19.fxe5 fxe5 20.Rxf8 Qxf8 21.Rf1 Qd6 22.Ng3 Bd7
23.Qg5 Re8 24.Nh5+ Kh8 25.Rf7  1-0

[Event "It B"]
[Site "Nancy FRA"]
[Date "2009.02.22"]
[Round "9"]
[White "Gladyszev,O"]
[Black "Paci,C"]
[Result "1/2-1/2"]
[WhiteElo "2423"]
[BlackElo "2300"]

1.d4 Nf6 2.c4 g6 3.Nc3 d5 4.cxd5 Nxd5 5.e4 Nxc3 6.bxc3 Bg7 7.Nf3 c5 8.Be2 Nc6
9.Rb1 cxd4 10.cxd4 Nxd4 11.Nxd4 Qxd4 12.Bb5+ Bd7 13.Bxd7+ Qxd7 14.Qxd7+ Kxd7
15.Rxb7+ Ke6 16.Ba3 Bf6 17.Ke2 Rhc8 18.Rc1 Rxc1 19.Bxc1 Rc8 20.Be3 Rc2+ 21.Kd3 Rxa2
22.Rxa7 Rxa7  1/2-1/2

[Event "81st ch-StP"]
[Site "St Petersburg RUS"]
[Date "2009.02.28"]
[Round "12"]
[White "Levin,Ev"]
[Black "Matlakov,M"]
[Result "1/2-1/2"]
[WhiteElo "2484"]
[BlackElo "2487"]

1.d4 Nf6 2.c4 g6 3.Nc3 d5 4.cxd5 Nxd5 5.e4 Nxc3 6.bxc3 Bg7 7.Be3 c5 8.Qd2 O-O
9.Nf3 Qa5 10.Rb1 a6 11.Rc1 Nd7 12.Bd3 b5 13.Bh6 Bb7 14.h4 cxd4 15.Bxg7 Kxg7
16.cxd4 Qxd2+ 17.Kxd2 Rac8 18.Ke3 e6 19.g4 Rxc1 20.Rxc1 Rc8 21.Rxc8 Bxc8
22.g5 Bb7 23.Ne5 Nb6 24.a3 Na4 25.Nd7 Bc6 26.Nf6 Nb6 27.f4 a5 28.d5 exd5
29.exd5 Bxd5 30.Bxb5 Bc4 31.Bc6 Be6 32.Bb5 Bc4 33.Bc6 Be6 34.Kd4 Nc4 35.a4 Nb2
36.Ne4 Kf8 37.Nc5 Ke7 38.Nb7  1/2-1/2

[Event "TCh-HUN 2008-9"]
[Site "Nagykanizsa HUN"]
[Date "2009.03.01"]
[Round "9"]
[White "Berczes,D"]
[Black "Sebestyen,Ba"]
[Result "1-0"]
[WhiteElo "2514"]
[BlackElo "2283"]

1.d4 Nf6 2.c4 g6 3.Nc3 d5 4.cxd5 Nxd5 5.e4 Nxc3 6.bxc3 Bg7 7.Qa4+ Nd7 8.Nf3 O-O
9.Bg5 c5 10.Rd1 Qc7 11.Qa3 Nf6 12.Bd3 Bg4 13.Be3 Nd7 14.Be2 e5 15.d5 Qd6
16.h3 Bxf3 17.Bxf3 f5 18.g4 f4 19.Bc1 b5 20.g5 Rfb8 21.Bg4 Nf8 22.h4 a5 23.c4 b4
24.Qh3 Rb6 25.h5 Rd8 26.Bb2 Kf7 27.Rd3 Qe7 28.Rg1 Rdd6 29.Bd1 Qc7 30.Rf3 Nd7
31.hxg6+ hxg6 32.Rxf4+ exf4 33.Qh7 Nf6 34.gxf6 Rxf6 35.e5 Qe7 36.Kf1 Rf5
37.e6+ Kf8 38.Rxg6  1-0

[Event "25th Open"]
[Site "Cappelle la Grande FRA"]
[Date "2009.03.02"]
[Round "4"]
[White "Medghoul,S"]
[Black "Agopov,M"]
[Result "1-0"]
[WhiteElo "2195"]
[BlackElo "2433"]

1.d4 Nf6 2.c4 g6 3.Nc3 d5 4.cxd5 Nxd5 5.e4 Nxc3 6.bxc3 Bg7 7.Nf3 c5 8.Rb1 O-O
9.Be2 Nc6 10.d5 Ne5 11.Nxe5 Bxe5 12.Rb3 Qc7 13.c4 f5 14.exf5 Bxf5 15.Qd2 Bd4
16.Bb2 e5 17.O-O Rf7 18.Kh1 Raf8 19.Bxd4 exd4 20.Bf3 Re8 21.h4 Qd8 22.g3 b6
23.a4 Bd7 24.Ra1 Qf6 25.Ra2 Qf5 26.Kg1 Qe5 27.Be2 Bxa4 28.Rbb2 Qf5 29.Bd3 Qd7
30.h5 Rf6 31.Qg5 Kg7 32.hxg6 hxg6 33.f4 Re3 34.Rh2 Rxd3 35.Qh6+ Kf7 36.Qh7+ Ke8
37.Qg8+ Rf8 38.Qxg6+ Kd8 39.Qxd3 Re8 40.Rae2  1-0

[Event "25th Open"]
[Site "Cappelle la Grande FRA"]
[Date "2009.03.06"]
[Round "8"]
[White "Naumkin,I"]
[Black "Baramidze,D"]
[Result "0-1"]
[WhiteElo "2501"]
[BlackElo "2548"]

1.d4 Nf6 2.c4 g6 3.Nc3 d5 4.cxd5 Nxd5 5.e4 Nxc3 6.bxc3 Bg7 7.Bc4 c5 8.Ne2 Nc6
9.Be3 O-O 10.O-O Bd7 11.Rb1 Qc7 12.Bd3 e5 13.d5 Ne7 14.f4 b6 15.fxe5 Bxe5
16.Bf4 Rae8 17.Qd2 Nc8 18.Ng3 Bxf4 19.Rxf4 Qe5 20.Rbf1 f6 21.Qf2 Kg7 22.Ne2 Nd6
23.h3 Rf7 24.Kh1 Ree7 25.Kg1 f5 26.exf5 Bxf5 27.Bxf5 Nxf5 28.Ng3 Nd6 29.Qd2 Rxf4
30.Rxf4 Qe3+ 31.Qf2 Qxc3 32.Nf1 Qe5 33.Qd2 Ne4 34.Qe3 Nc3  0-1

[Event "Gipslis Mem GM"]
[Site "Riga LAT"]
[Date "2009.03.07"]
[Round "3"]
[White "Matlakov,M"]
[Black "Malisauskas,V"]
[Result "1-0"]
[WhiteElo "2487"]
[BlackElo "2457"]

1.d4 Nf6 2.c4 g6 3.Nc3 d5 4.cxd5 Nxd5 5.e4 Nxc3 6.bxc3 Bg7 7.Be3 c5 8.Nf3 Qa5
9.Qd2 Nc6 10.Rb1 b6 11.Bb5 Bd7 12.O-O cxd4 13.Nxd4 Rc8 14.a4 Rc7 15.Rfc1 Bxd4
16.cxd4 Qxd2 17.Bxd2 Kd8 18.Bf4 Rc8 19.d5 Na5 20.Rxc8+ Bxc8 21.Rc1  1-0

[Event "Gipslis Mem GM"]
[Site "Riga LAT"]
[Date "2009.03.08"]
[Round "6"]
[White "Mihailovs,J"]
[Black "Matlakov,M"]
[Result "1/2-1/2"]
[WhiteElo "2398"]
[BlackElo "2487"]

1.d4 Nf6 2.c4 g6 3.Nc3 d5 4.cxd5 Nxd5 5.e4 Nxc3 6.bxc3 Bg7 7.Bc4 c5 8.Ne2 Nc6
9.Be3 O-O 10.O-O Bd7 11.Rb1 Qc7 12.dxc5 Rad8 13.Qc2 Ne5 14.Bd5 Bc8 15.h3 e6
16.Bb3 Nd7 17.Nd4 Nxc5 18.Nb5 Qb6 19.Qe2 a6 20.Qc4 axb5 21.Qxc5 Qxc5 22.Bxc5 Rfe8
23.Bb4 Bd7  1/2-1/2

[Event "10th EICC"]
[Site "Budva MNE"]
[Date "2009.03.15"]
[Round "9"]
[White "Vitiugov,N"]
[Black "Ruck,R1"]
[Result "1-0"]
[WhiteElo "2687"]
[BlackElo "2558"]

1.d4 Nf6 2.c4 g6 3.Nc3 d5 4.cxd5 Nxd5 5.e4 Nxc3 6.bxc3 Bg7 7.Bc4 c5 8.Ne2 Nc6
9.Be3 O-O 10.O-O Qc7 11.Rc1 Rd8 12.h3 b6 13.Bd3 e6 14.Qa4 Bb7 15.Rfd1 Bf8
16.Ba6 Bxa6 17.Qxa6 cxd4 18.cxd4 Nb4 19.Qa4 Qd7 20.Qb3 Rac8 21.Rxc8 Rxc8
22.d5 exd5 23.exd5 Na6 24.Ng3 Nc5 25.Bxc5 Bxc5 26.Ne4 Qe7 27.Nxc5 bxc5 28.d6 Qd7
29.Qc4 Qc6 30.Qh4 Qd7 31.Qc4 Qc6 32.h4 h5 33.Qf4 c4 34.Qf6 Qd7 35.Re1 Rd8
36.g3 a6 37.a3 a5 38.a4 Rf8 39.Re7 Qxa4 40.d7 Qd1+ 41.Kh2 Qd5 42.Qe5 Qc6
43.Qxa5 Qd6 44.Qe5 Qb6 45.Qf4 Qd8 46.Qf6 c3 47.Rxf7 Qxf6 48.Rxf6 Rd8 49.Rxg6+ Kf7
50.Rc6 Rxd7 51.Rxc3  1-0

[Event "10th EICC"]
[Site "Budva MNE"]
[Date "2009.03.16"]
[Round "10"]
[White "Berczes,D"]
[Black "Atakisi,U"]
[Result "1/2-1/2"]
[WhiteElo "2513"]
[BlackElo "2393"]

1.d4 Nf6 2.c4 g6 3.Nc3 d5 4.cxd5 Nxd5 5.e4 Nxc3 6.bxc3 Bg7 7.Bc4 c5 8.Ne2 O-O
9.O-O Nc6 10.Be3 Bd7 11.Rb1 cxd4 12.cxd4 a6 13.Bd3 b5 14.Qd2 Qa5 15.Qxa5 Nxa5
16.Rfc1 Rac8 17.d5 Rxc1+ 18.Rxc1 Rc8 19.Rxc8+ Bxc8 20.Bb6 Nc4 21.Bxc4 bxc4
22.Bd4 f6 23.f4 e6 24.dxe6 Bxe6 25.Nc3 Kf7 26.Kf2 Bf8 27.h3 Bb4 28.Ke3 a5
29.Nb1  1/2-1/2

[Event "10th EICC"]
[Site "Budva MNE"]
[Date "2009.03.17"]
[Round "11"]
[White "Antic,De"]
[Black "Belov,Vl"]
[Result "0-1"]
[WhiteElo "2495"]
[BlackElo "2627"]

1.d4 Nf6 2.c4 g6 3.Nc3 d5 4.cxd5 Nxd5 5.e4 Nxc3 6.bxc3 Bg7 7.Be3 c5 8.Qd2 Qa5
9.Nf3 Nc6 10.Rb1 cxd4 11.cxd4 Qxd2+ 12.Kxd2 O-O 13.d5 Rd8 14.Bd3 Na5 15.Bg5 f6
16.Bf4 e5 17.Be3 b6 18.Rhc1 Bf8 19.Ke2 Nb7 20.Ba6 Nc5 21.Bxc8 Raxc8 22.Bxc5 Bxc5
23.Ne1 Ba3 24.Rc2 f5 25.f3 Kf7 26.Rb3 Rxc2+ 27.Nxc2 Bc5 28.Nb4 Bxb4 29.Rxb4 Rc8
30.Kd3 fxe4+ 31.fxe4 Ke7 32.Ra4 Rc7 33.Ra6 Kd6 34.a4 Kc5 35.a5 bxa5 36.Rxa5+ Kb6
37.Ra3 Rf7 38.Rb3+ Kc5 39.Rc3+ Kb5 40.Rc8 a5 41.Re8 a4 42.Rxe5 a3 43.d6+ Kb4
44.Re8 Ra7 45.Re7 Ra8 46.Rb7+ Kc5 47.d7 a2 48.Rc7+ Kb5 49.Rb7+ Kc6  0-1